The Jacobin clubs in the French Revolution, 1793-1795

Αποθηκεύτηκε σε:
Λεπτομέρειες βιβλιογραφικής εγγραφής
Κύριος συγγραφέας: Kennedy, Michael L.
Μορφή: Βιβλίο
Γλώσσα:English
Δημοσίευση: New York : Berghahn Books, 2000
Θέματα:
Ετικέτες: Προσθήκη ετικέτας
Δεν υπάρχουν, Καταχωρήστε ετικέτα πρώτοι!

MARC

LEADER 00000nam a2200000 i 4500
001 1/79255
008 080328s2000 eng d
020 |a 1-57181-186-9 
035 |l 10095919 
040 |a GR-MY-UA  |b gre  |e aacr 
041 0 |a eng 
082 0 |a 944.0043  |2 (22) 
100 1 |a Kennedy, Michael L. 
245 1 4 |a The Jacobin clubs in the French Revolution, 1793-1795 /  |c Michael L. Kennedy 
260 |a New York :   |b Berghahn Books,   |c 2000 
300 |a 312 σ.;  |c 23 εκ. 
504 |a Βιβλιογραφία: σ. [282]-299 
504 |a Ευρετήριο: σ. 300-312 
610 2 0 |a Club des Jacobins. 
651 0 |a France  |x History  |y Revolution, 1789-1799  |x Societies, etc. 
651 0 |a France  |x History  |y Reign of Terror, 1793-1794. 
852 |a INST  |b LESVOS  |e 20080328  |h 944.0043 KEN  |p 005100039461  |q 005100039461  |t BK  |y 0 
901 |a BIBL1-2008-1 
909 |a Λ  |b 143162 
922 |a 1ΕΛΗ  |b 200712  |c ΕΠΕΑΕΚ2/ΤΚΑ  |d ΠΑΠΑΣΩΤΗΡΙΟΥ 
970 |a ΚΑΡΑ  |b ΓΙΑΣΕΜΗ  |z 2008/03/28